Norma Chilena Oficial NCh 2438 Of1999
Guardat en:
| Autor corporatiu: | , |
|---|---|
| Format: | Llibre |
| Idioma: | espanyol |
| Publicat: |
Santiago
Instituto Nacional de Normalización
1999
|
| Edició: | 1a. ed |
| Matèries: | |
| Etiquetes: |
Afegir etiqueta
Sense etiquetes, Sigues el primer a etiquetar aquest registre!
|
MARC
| LEADER | 00000nam a2200000 a 4500 | ||
|---|---|---|---|
| 001 | UCK5788 | ||
| 003 | CL-VaPUC | ||
| 008 | 050826e19990000CL |||||||||||||||||spa|d | ||
| 082 | 0 | 4 | |a 621.87 |b INS |2 21 |
| 110 | 2 | |a Instituto Nacional de Normalización |e author |9 494733 | |
| 710 | 2 | |a INN |e author |9 494734 | |
| 245 | 1 | 0 | |a Norma Chilena Oficial NCh 2438 Of1999 |
| 246 | 1 | 0 | |a Grúas torre - Requisitos de montaje |
| 250 | |a 1a. ed | ||
| 300 | |a 7 p | ||
| 942 | |c BK | ||
| 945 | |d 20050826 00:00:00 |a cmena | ||
| 260 | |a Santiago |b Instituto Nacional de Normalización |c 1999 | ||
| 650 | 7 | |a GRUAS |2 CL-VaPUC |9 267275 | |
| 650 | 0 | |a Medidas de seguridad |9 264085 | |
| 650 | 0 | |a Montaje |9 310689 | |
| 650 | 0 | |a Normalización |9 262666 | |
| 583 | |a last modification |c 20050826 00:00:00 |k Rodrigo Vera | ||
| 999 | |c 314251 |d 314249 | ||